000 02205nam a2200613 i 4500
001 36091
003 KOSZ 005
005 20240405063114.0
008 990901s1999 pl a |000 0 pol
015 _aUWD 1999/14584
020 _a8372170630
035 _a991011343659705066
035 _a(PL-WaBN)b1308804x-48omnis_nlop
035 _ab1308804x
035 _a(OCoLC)751523491
035 _a(PL)b0000001308804
035 _a(EXLNZ-48OMNIS_NETWORK)9910352482705606
040 _aWA N
_cWA N
_dKOSZ 005/HR
041 0 _apol
_beng
046 _k1999
080 _a664
080 _a504(438)"1989/..."
080 _a621.039.8
080 _a537.5
080 _a539.16
245 0 0 _aSkażenia promieniotwórcze środowiska i żywności w Polsce w 1998 roku =
_bRadioactive contamination of environment and food in Poland in 1998 /
_czespół aut. Dariusz Grabowski et al. ; [Inspekcja Ochrony Środowiska, Państwowa Agencja Atomistyki].
246 3 1 _aRadioactive contamination of environment and food in Poland in 1998
260 _aWarszawa :
_bIOŚ,
_c1999.
300 _a32 s. :
_b1 mapa, wykr. ;
_c24 cm.
336 _aTekst
_btxt
_2rdacontent
337 _aBez urządzenia pośredniczącego
_bn
_2rdamedia
338 _aWolumin
_bnc
_2rdacarrier
380 _aKsiążki
388 _a1901-2000
388 _a1989-2000
490 1 _aBiblioteka Monitoringu Środowiska
504 _aBibliogr. s. 31.
546 _aStreszcz. ang.
648 _a1901-2000
648 _a1989-2000
650 7 _aDegradacja środowiska
_2DBN
650 7 _aIzotopy promieniotwórcze
_2DBN
650 7 _aPromieniowanie jonizujące
_2DBN
650 7 _aPomiary
650 7 _aŻywność
_2DBN
658 _aOchrona środowiska
700 1 _aGrabowski, Dariusz
_eAutor
710 1 _aPaństwowa Agencja Atomistyki
710 1 _aPaństwowa Inspekcja Ochrony Środowiska
_4pbl
830 0 _aBiblioteka Monitoringu Środowiska
856 _uhttp://koha.tu.koszalin.pl/cgi-bin/koha/opac-detail.pl?biblionumber=36091
_yKatalog online BPK
942 _2UKD
_cKS
999 _c36091
_d36091